| 000 | 00397nam a2200133Ia 4500 | ||
|---|---|---|---|
| 008 | 220216s9999 xx 000 0 und d | ||
| 100 | _aSuthisong Surasak | ||
| 245 | 0 | _aCase study on the direction of increasing the old rubber plantation production.Part.3 | |
| 260 |
_bRubber International Magazine _c2004 |
||
| 300 | _a41-45 | ||
| 650 | _aLatex DRC | ||
| 650 | _aRubber plantation | ||
| 942 | _cJS | ||
| 999 |
_c55209 _d55209 |
||